Histoire du droit privé francais. De l'An mil au Code Civil.
Enregistré dans:
| Auteur principal: | |
|---|---|
| Autres auteurs: | |
| Format: | Livre |
| Langue: | français |
| Publié: |
Paris, France:
Albin Michel,
1985.
|
| Collection: | L'Evolution de l'Humanité.
|
| Sujets: | |
| Tags: |
Ajouter un tag
Pas de tags, Soyez le premier à ajouter un tag!
|
MARC
| LEADER | 00000nam a2200000 a 4500 | ||
|---|---|---|---|
| 001 | UCM3166 | ||
| 003 | CL-VaPUC | ||
| 005 | 20221222160125.0 | ||
| 008 | 020628e19850000FR |||||||||||||||||fre|d | ||
| 999 | |c 300655 |d 300653 | ||
| 020 | |a 2-226-02209-0 | ||
| 022 | |a 0755-1843 | ||
| 040 | |c Pontificia Universidad Católica de Valparaíso | ||
| 082 | 0 | 4 | |a 346.44 OUR 1985 |2 21 |
| 100 | |a Ourliac, Paul |e auteur |9 385327 | ||
| 245 | 1 | 0 | |a Histoire du droit privé francais. |b De l'An mil au Code Civil. |
| 260 | |a Paris, France: |b Albin Michel, |c 1985. | ||
| 300 | |a 442 páginas. | ||
| 490 | 0 | |a L'Evolution de l'Humanité. | |
| 500 | |a c.2 Donación Familia Prof. Alejandro Guzmán Brito. | ||
| 583 | |a last modification |c 20020628 00:00:00 |k Rodrigo Vera | ||
| 650 | 0 | |a Derecho privado |9 258243 | |
| 650 | 0 | |a Derecho civil |9 255013 | |
| 650 | 0 | |a Derecho francés |9 385145 |x Historia | |
| 700 | |a Gazzaniga, Jean Louis |e auteur |9 355351 | ||
| 942 | |c BK |2 ddc |n 0 | ||
| 945 | |d 20020628 00:00:00 |a cmena | ||
| 952 | |0 0 |1 0 |4 0 |6 346_440000000000000_OUR_1985 |7 0 |8 DER_HIS |9 358689 |a BIBDER |b BIBDER |d 2019-11-21 |i 3823059 |o 346.44 OUR 1985 |p 3823059 |r 2023-01-25 |w 2019-11-21 |x Ubicación 4to Piso |y BK |z Estos recursos deben solicitarse con anticipación |k DER | ||